রাহে বেলায়াত ও রাসূলুল্লাহর যিকর-ওযীফা / (Record no. 8653)
[ view plain ]
| 000 -LEADER | |
|---|---|
| fixed length control field | 00862nam a2200217 a 4500 |
| 001 - CONTROL NUMBER | |
| JCCL Control Number | 8653 |
| 003 - CONTROL NUMBER IDENTIFIER | |
| JCCL marc code | BD-JhCC |
| 005 - DATE AND TIME OF LATEST TRANSACTION | |
| control field | 20210401134022.0 |
| 008 - FIXED-LENGTH DATA ELEMENTS--GENERAL INFORMATION | |
| fixed length control field | 180228s2003 bg |||| |a|| 000 0 be d |
| 035 ## - SYSTEM CONTROL NUMBER | |
| system control number | (BD-JhCC)8653 |
| 040 ## - CATALOGING SOURCE | |
| Original cataloging agency | BD-JhCC |
| Modifying agency | BD-JhCC |
| 041 ## - LANGUAGE CODE | |
| Language code of Book | ben |
| 082 ## - DEWEY DECIMAL CLASSIFICATION NUMBER | |
| Classification number | 297 |
| Author mark and Year | JAH 2003 |
| 100 ## - MAIN ENTRY--PERSONAL NAME | |
| Personal name | জাহাঙ্গীর,খোন্দকার আব্দুল্লাহ। |
| 245 ## - TITLE STATEMENT | |
| Title | রাহে বেলায়াত ও রাসূলুল্লাহর যিকর-ওযীফা / |
| Statement of responsibility, etc | খোন্দকার আব্দুল্লাহ জাহাঙ্গীর। |
| 260 ## - PUBLICATION, DISTRIBUTION, ETC. (IMPRINT) | |
| Place of publication, distribution, etc | ঝিনাইদহ,বাংলাদেশ : |
| Name of publisher, distributor, etc | আস-সুন্নাহ পাবলিকেশন্স ; |
| Date of publication, distribution, etc | ২০০৩। |
| 300 ## - PHYSICAL DESCRIPTION | |
| Pagination | ৩৯৮ p. : |
| Dimensions | 20 cm. |
| 651 ## - SUBJECT ADDED ENTRY--GEOGRAPHIC NAME | |
| Geographic name | Islam. |
| 942 ## - ADDED ENTRY ELEMENTS (KOHA) | |
| Source of classification or shelving scheme | Library of Congress Classification |
| Koha item type | Books |
| Koha issues (borrowed), all copies | 7 |
| Source of classification or shelving scheme | Damaged status | Not for loan | Home library | Current library | Shelving location | Date of accession | Cost, normal purchase price | Total Checkouts | Full call number | Barcode | Date last seen | Date checked out | Copy number | Koha item type |
|---|---|---|---|---|---|---|---|---|---|---|---|---|---|---|
| Dewey Decimal Classification | JCC Rouf Library | JCC Rouf Library | General Stacks | 02/28/2018 | 220.00 | 4 | 297 JAH 2003 | 9184 | 09/30/2023 | 04/01/2021 | C-1 | Books |